000
00287nam a2200097Ia 4500
008
220204s9999 xx 000 0 und d
082
_a
061.6:63(5-13)
_b
SAI
245
0
_a
Agricultural training in SAARC countries
260
_a
Dhaka
_b
SAARC Agricultural Information Centre
_c
1998
942
_c
BK
999
_c
43874
_d
43874